| 000 | 00629nam a22001937a 4500 | ||
|---|---|---|---|
| 003 | 0 | ||
| 005 | 20251117110028.0 | ||
| 008 | 251117b xxu||||| |||| 00| 0 eng d | ||
| 020 | _a0-671-25067-1 | ||
| 050 |
_aBF 637.S4P43 _b.P43 1978 |
||
| 100 |
_aPeck, M. Scott, _eauthor. |
||
| 245 |
_aThe road less traveled : _ba new psychology of love traditional values and spiritual growth / _cM. Scott Peck. |
||
| 260 |
_aNew York : _bSimon & Schuster, _c1978. |
||
| 300 |
_a315 pages ; _c21 cm. |
||
| 650 | _aMaturation (Psychology). | ||
| 650 | _aPsychiatry and religion. | ||
| 650 | _aPsychoanalysis and religion. | ||
| 942 |
_2lcc _cBK |
||
| 999 |
_c368661 _d368661 |
||